Hacia un desarrollo sostenible : (Registro nro. 2430)
[ vista simple ]
| 000 -CABECERA | |
|---|---|
| Campo de control | 01182nam a2200325 a 4500 |
| 005 - FECHA Y HORA DE LA ULTIMA TRANSACCION | |
| Campo de control | 20200104041532.0 |
| 008 - ELEMENTOS DE LONGITUD FIJA—INFORMACION GENERAL | |
| Campo de control | 140305t2001 cr ao gr|||| 00| 0 spa d |
| 040 ## - FUENTE DE CATALOGACIÓN | |
| Agencia catalogadora original | CO-BoIAVH |
| Agencia transcriptora | CO-BoIAVH |
| 041 0# - IDIOMA | |
| Código de idioma para texto/pista de sonido o título separado | Español |
| 044 ## - PAÍS DE PUBLICACIÓN | |
| País de publicación | Costa Rica |
| 082 04 - NUMERO DE CLASIFICACION DECIMAL DEWEY | |
| Número de clasificación | 333.714 |
| Número del ítem | C39h |
| 110 2# - ASIENTO PRINCIPAL--NOMBRE CORPORATIVO | |
| Unidad subordinad | Centro Agronómico Tropical de Investigación y Enseñanza |
| 9 (RLIN) | 3131 |
| 245 10 - MENCION DE TITULO | |
| Título | Hacia un desarrollo sostenible : |
| Parte restante del título | proyecto del CATIE / |
| Mención de responsabilidad | Centro Agronómico Tropical de Investigación y Enseñanza |
| 260 ## - PUBLICACION, DISTRIBUCION, ETC. (PIE DE IMPRENTA) | |
| Lugar de publicación, distribución, etc. | Turrialba : |
| Nombre del editor, distribuidor, etc. | Centro Agronómico Tropical de Investigación y Enseñanza (CATIE) , |
| Fecha de publicación, distribución, etc. | c2001. |
| 300 ## - DESCRIPCION FISICA | |
| Extensión | 60 páginas : |
| Otros detalles físicos | Ilustraciones, fotografías ; |
| Dimensiones | 23 x 17 cm. |
| 650 #6 - ASIENTO SECUNDARIO DE MATERIA - TERMINO TEMATICO | |
| Término temático o nombre geográfico como elemento de entrada | Desarrollo sostenible |
| 9 (RLIN) | 278 |
| 650 #6 - ASIENTO SECUNDARIO DE MATERIA - TERMINO TEMATICO | |
| Término temático o nombre geográfico como elemento de entrada | Manejo de plagas |
| 9 (RLIN) | 1594 |
| 650 #6 - ASIENTO SECUNDARIO DE MATERIA - TERMINO TEMATICO | |
| Término temático o nombre geográfico como elemento de entrada | Bosques secundarios |
| 9 (RLIN) | 7443 |
| 650 #6 - ASIENTO SECUNDARIO DE MATERIA - TERMINO TEMATICO | |
| Término temático o nombre geográfico como elemento de entrada | Agroforestería |
| 9 (RLIN) | 476 |
| 650 #6 - ASIENTO SECUNDARIO DE MATERIA - TERMINO TEMATICO | |
| Término temático o nombre geográfico como elemento de entrada | Manejo de cuencas |
| 9 (RLIN) | 7047 |
| 650 ## - ASIENTO SECUNDARIO DE MATERIA - TERMINO TEMATICO | |
| Término temático o nombre geográfico como elemento de entrada | Conservación de biodiversidad |
| 9 (RLIN) | 345 |
| 650 #6 - ASIENTO SECUNDARIO DE MATERIA - TERMINO TEMATICO | |
| Término temático o nombre geográfico como elemento de entrada | Semillas |
| 9 (RLIN) | 49179 |
| 650 #6 - ASIENTO SECUNDARIO DE MATERIA - TERMINO TEMATICO | |
| Término temático o nombre geográfico como elemento de entrada | Silvicultura |
| 9 (RLIN) | 49180 |
| 650 #6 - ASIENTO SECUNDARIO DE MATERIA - TERMINO TEMATICO | |
| Término temático o nombre geográfico como elemento de entrada | Bosques |
| 9 (RLIN) | 92270 |
| 650 #6 - ASIENTO SECUNDARIO DE MATERIA - TERMINO TEMATICO | |
| Término temático o nombre geográfico como elemento de entrada | Monitoreo ambiental |
| 9 (RLIN) | 49182 |
| 650 #6 - ASIENTO SECUNDARIO DE MATERIA - TERMINO TEMATICO | |
| Término temático o nombre geográfico como elemento de entrada | Areas protegidas |
| 9 (RLIN) | 78 |
| 650 #6 - ASIENTO SECUNDARIO DE MATERIA - TERMINO TEMATICO | |
| Término temático o nombre geográfico como elemento de entrada | Transferencia de tecnología |
| 9 (RLIN) | 49184 |
| 650 #6 - ASIENTO SECUNDARIO DE MATERIA - TERMINO TEMATICO | |
| Término temático o nombre geográfico como elemento de entrada | Uso sostenible |
| 9 (RLIN) | 344 |
| 942 ## - ELEMENTOS ADICIONALES (KOHA) | |
| Tipo de ítem | Libro |
| Sistema de clasificación | Dewey Decimal Classification |
| Withdrawn status | Lost status | Sistema de Clasificación | Damaged status | No para préstamo | Colección | Inventariado | Ubicación Permanente | Ubicación actual | Fecha de adquisición | Fuente de Valor | Valor | Total Checkouts | Número topográfico | Inventario / Código de Barras | Date last seen | Ejemplar | Price effective from | Forma de adquisición | Tipo de material |
|---|---|---|---|---|---|---|---|---|---|---|---|---|---|---|---|---|---|---|---|
| Dewey Decimal Classification | General | Inventariado 2017 | Bogotá | Bogotá | 31/07/2001 | Instituto | 39000.00 | LB-333.714 C39h | 003002 | 04/12/2012 | Ej. 1 | 04/12/2012 | Libro |